000 00612nam a2200217 a 4500
005 20240924071210.0
008 991125s1990 mx 000 0 spa u
020 _a9684131607
035 _aUPN01000056874
049 _aI
050 4 _aPZ73 E5
_bF3 1990
100 1 _aFarias, Juan,
_d1935-
_930834
245 1 3 _aUn tiesto lleno de lápices /
_cJuan Farías ; il. Emilio Urberuaga.
250 _a6a ed.
260 _aMéxico :
_bSEP,
_c1990.
300 _a95 p. :
_bil.
440 0 _aAustral juvenil ;
_v21
650 0 _aCuentos españoles
_912796
650 4 _aLiteratura infantil
_94445
905 _aInfantil
999 _c56874
_d56874